<?xml version="1.0" encoding="UTF-8"?>
<collection xmlns="http://www.loc.gov/MARC21/slim">
 <record>
  <leader>01387nam a2200217Ia 4500</leader>
  <controlfield tag="001">TDMU_30153</controlfield>
  <controlfield tag="008">210410s9999    xx            000 0 und d</controlfield>
  <datafield tag="082" ind1=" " ind2=" ">
   <subfield code="a">332.7</subfield>
  </datafield>
  <datafield tag="090" ind1=" " ind2=" ">
   <subfield code="b">L250</subfield>
  </datafield>
  <datafield tag="100" ind1=" " ind2=" ">
   <subfield code="a">Lê, Văn Tán</subfield>
  </datafield>
  <datafield tag="245" ind1=" " ind2="0">
   <subfield code="a">Thuốc thử hữu cơ trong hóa phân tích</subfield>
  </datafield>
  <datafield tag="245" ind1=" " ind2="0">
   <subfield code="c">Lê Văn Tán, Lâm Ngọc Thụ</subfield>
  </datafield>
  <datafield tag="260" ind1=" " ind2=" ">
   <subfield code="a">Tp. Hồ Chí Minh</subfield>
  </datafield>
  <datafield tag="260" ind1=" " ind2=" ">
   <subfield code="b">Đại học Công nghiệp Tp. Hồ Chí Minh</subfield>
  </datafield>
  <datafield tag="260" ind1=" " ind2=" ">
   <subfield code="c">2016</subfield>
  </datafield>
  <datafield tag="300" ind1=" " ind2=" ">
   <subfield code="a">367tr.</subfield>
  </datafield>
  <datafield tag="520" ind1=" " ind2=" ">
   <subfield code="a">Giáo trình; Cơ sở lý thuyết về thuốc thử hữu cơ. Giới thiệu một số thuốc thử hữu cơ như: Thuốc thử tạo phức chelate với ion kim loại qua liên kết phối trí O, O; thuốc thử tạo liên kết phối trí O, O; thuốc thử O-N, N-N; thuốc thử với cấu trúc S.... Trình bày tính chất phân tích của các nguyên tố. Cung cấp những thông tin về đặc điểm phối trí, các thuốc thử dùng phân tích của các nguyên tố</subfield>
  </datafield>
  <datafield tag="650" ind1=" " ind2=" ">
   <subfield code="a">Hóa phân tích</subfield>
   <subfield code="x">Chất hữu cơ</subfield>
   <subfield code="x">Thuốc thử</subfield>
   <subfield code="v">Giáo trình</subfield>
  </datafield>
  <datafield tag="700" ind1=" " ind2=" ">
   <subfield code="a">Lâm, Ngọc Thụ</subfield>
  </datafield>
  <datafield tag="856" ind1=" " ind2=" ">
   <subfield code="u">http://lrc.tdmu.edu.vn/opac/search/detail.asp?aID=2&amp;ID=30153</subfield>
  </datafield>
  <datafield tag="980" ind1=" " ind2=" ">
   <subfield code="a">Trung tâm Học liệu Trường Đại học Thủ Dầu Một</subfield>
  </datafield>
 </record>
</collection>
